Carregant...
The Cambridge companion to British theatre, 1730-1830 /
| Altres autors: | , |
|---|---|
| Format: | Printed Book |
| Publicat: |
Cambridge, UK ; New York :
Cambridge University Press,
2007.
|
| Matèries: | |
| Accés en línia: | http://www.loc.gov/catdir/enhancements/fy0808/2008295171-b.html http://www.loc.gov/catdir/enhancements/fy0808/2008295171-d.html http://www.loc.gov/catdir/enhancements/fy0808/2008295171-t.html |
| LEADER | 00905cam a2200217 a 4500 | ||
|---|---|---|---|
| 999 | |c 55657 |d 55657 | ||
| 020 | |a 9780521617772 (paperback) | ||
| 020 | |a 9780521852371 (hardback) | ||
| 082 | 0 | 0 | |a 792.0942 |b CAM |
| 245 | 0 | 4 | |a The Cambridge companion to British theatre, 1730-1830 / |
| 260 | |a Cambridge, UK ; |a New York : |b Cambridge University Press, |c 2007. | ||
| 300 | |a xvii, 285 p. : |b ill. ; | ||
| 650 | 0 | |a Theater | |
| 650 | 0 | |a Theater | |
| 700 | 1 | |a Moody, Jane, | |
| 700 | 1 | |a O'Quinn, Daniel, | |
| 856 | 4 | 2 | |u http://www.loc.gov/catdir/enhancements/fy0808/2008295171-b.html |
| 856 | 4 | 2 | |u http://www.loc.gov/catdir/enhancements/fy0808/2008295171-d.html |
| 856 | 4 | 1 | |u http://www.loc.gov/catdir/enhancements/fy0808/2008295171-t.html |
| 942 | |c BK | ||
| 952 | |0 0 |1 0 |4 0 |6 792_094200000000000_CAM |7 0 |9 70083 |a KU |b KU |d 2020-01-24 |e PICO.A3/17875/2019 dtd.28/10/2019 |g 2313.57 |l 0 |o 792.0942 CAM |p EN16469 |r 2020-01-24 |w 2020-01-24 |y BK | ||